Catalog

Record Details

Catalog Search



Die Taufe : Gemeinschaft mit Christus im Geist  Cover Image Book Book

Die Taufe : Gemeinschaft mit Christus im Geist / Philipp Schäfer

Schäfer, Philipp (Author).

Record details

  • ISBN: 3-926931-11-6
  • Physical Description: 119 s. ; 21 cm
  • Publisher: Weiden : Schuch, 1993

Available copies

  • 1 of 1 copy available at Common Catalog SPOK.

Holds

  • 0 current holds with 1 total copy.
Show Only Available Copies
Location Call Number / Copy Notes Barcode Shelving Location Status Due Date
Jabok Library ST-3.14.3 424480019014 Odborná literatura Available -

LDR 01895nam a2200493 a 4500
00113094
003CZ-PrJAB
00520191007083227.0
008030902s1993 gw e |||| |ger
020 . ‡a3-926931-11-6
035 . ‡a(CONS)13094
040 . ‡aGBVCP ‡bger ‡dABG312
0410 . ‡ager
1001 . ‡aSchäfer, Philipp
24514. ‡aDie Taufe : ‡bGemeinschaft mit Christus im Geist / ‡cPhilipp Schäfer
260 . ‡aWeiden : ‡bSchuch, ‡c1993
300 . ‡a119 s. ; ‡c21 cm
6530 . ‡akřest ‡aspolečenství církve ‡ahistorie
910 . ‡aABG312
995 . ‡aska
901 . ‡a13094 ‡bCZ-PrJAB ‡c13094 ‡tbiblio

Additional Resources